International business and Europe in transition
Αποθηκεύτηκε σε:
| Άλλοι συγγραφείς: | , , |
|---|---|
| Μορφή: | Βιβλίο |
| Γλώσσα: | English |
| Δημοσίευση: |
Houndmills :
Macmillan Business,
1996
|
| Θέματα: | |
| Ετικέτες: |
Προσθήκη ετικέτας
Δεν υπάρχουν, Καταχωρήστε ετικέτα πρώτοι!
|
MARC
| LEADER | 00000nam a2200000 i 4500 | ||
|---|---|---|---|
| 001 | 1/62363 | ||
| 008 | 980617s1996 eng d | ||
| 020 | |a 0333641965 | ||
| 035 | |l 10029059 | ||
| 040 | |a GR-MY-UA |b gre |e aacr | ||
| 041 | 0 | |a eng | |
| 082 | 0 | |a 658.049 | |
| 245 | 1 | 0 | |a International business and Europe in transition / |c edited by: Fred Burton, Mo Yamin, Stephen Young |
| 260 | |a Houndmills : |b Macmillan Business, |c 1996 | ||
| 300 | |a xvii, 266 p. | ||
| 504 | |a Includes index | ||
| 650 | 0 | 0 | |a International business enterprises |z Europe. |
| 700 | 1 | |a Burton, Fred |d 1938- |4 edt | |
| 700 | 1 | |a Yamin, Moh. |4 edt | |
| 700 | 1 | |a Young, Stephen |d 1944- |4 edt | |
| 852 | |a INST |b CHIOS |e 19980617 |h 658.049 INT |p 005200016110 |q 005200016110 |t BK |y 0 | ||
| 901 | |a BIBL-1998-2 | ||
| 909 | |a Χ |b 057393 | ||
| 922 | |a 2ΕΛΗ |b 199805 |c ΤΔΕ |d ΠΑΠΑΣΩΤΗΡΙΟΥ | ||